Wilhelm von Humboldt y el estudio filosófico de las lenguas
Enregistré dans:
| Auteur principal: | |
|---|---|
| Format: | Livre |
| Langue: | espagnol |
| Publié: |
Barcelona
Anthropos
1999
|
| Collection: | Autores, Textos y Temas, Humanismo, 4
|
| Sujets: | |
| Tags: |
Ajouter un tag
Pas de tags, Soyez le premier à ajouter un tag!
|
MARC
| LEADER | 00000nam a2200000 a 4500 | ||
|---|---|---|---|
| 001 | UCO8757 | ||
| 003 | CL-VaPUC | ||
| 008 | 010105e19990000SP |||||||||||||||||spa|d | ||
| 082 | 0 | 4 | |a 401 |b DIC |2 21 |
| 100 | 0 | |a Di Cesare, Donatella |e author |9 453634 | |
| 245 | 1 | 0 | |a Wilhelm von Humboldt y el estudio filosófico de las lenguas |
| 300 | |a 183 p | ||
| 942 | |c BK | ||
| 945 | |d 20010105 00:00:00 |a cmena | ||
| 260 | |a Barcelona |b Anthropos |c 1999 | ||
| 600 | 0 | 7 | |a HUMBOLDT, WILHWLM FREIHERR VON |2 CL-VaPUC |9 453635 |
| 650 | 0 | |a Filosofía del lenguaje |9 257082 | |
| 650 | 0 | |a Lenguaje y lenguas |9 265846 | |
| 583 | |a last modification |c 20010105 00:00:00 |k Rodrigo Vera | ||
| 490 | 0 | |a Autores, Textos y Temas, Humanismo, 4 | |
| 999 | |c 293225 |d 293223 | ||
| 952 | |0 0 |1 0 |4 0 |6 401_000000000000000_DIC_1999 |7 0 |8 A |9 344621 |a FDOPOS |b FDOPOS |d 2019-11-20 |i 3676889 |o 401 DIC 1999 |p 3676889 |r 2025-01-22 |w 2019-11-20 |y BK |k MLA | ||